00221nam a2200109Ia 4500008004100000041001200041082001100053100000900064245002600073260000600099650000600105221030s9999 xx 000 0 und d aEnglish a105.23 aBHEL 0aTransformerscby BHEL c0 aB